Harry Potter General Knowledge Quiz - Statistics

General Stats
  • This quiz has been taken 439 times
    422 since last reset
  • The average score is 33 of 47
Answer Stats
Hint Answer % Correct
Mischievous Poltergeist Peeves
94%
Prof. Mcgonagall's Animagus Animal Cat
91%
Voldemorts Real Name Tom Riddle
91%
Killed Moaning Myrtle The Basilisk
90%
Harry's Quidditch Captain Oliver Wood
89%
Rons Rat Scabbers
89%
Neville's Toad Trevor
86%
Squib Who Works at Hogwarts Argus Filch
85%
Quidditch Balls which Knock Players off their Brooms Bludgers
85%
Ron's First Girlfriend Lavender Brown
85%
Offensive Term for Muggle Borns Mudblood
85%
Dumbledore's Feathered Friend Fawkes
84%
Nickname for Peter Pettigrew Wormtail
84%
The language to talk to snakes Parseltongue
83%
Put Harry's Name in the Goblet of Fire Barty Crouch Jr
82%
Katie Bell's Quidditch Position Chaser
82%
Lent Hagrid a Flying Motorbike Sirius Black
82%
Pub with Access to Diagon Alley Leaky Cauldron
81%
Rita Skeeter's Animagus Animal Beetle
80%
Goblin Who First Took Harry to his Vault Griphook
80%
Name of Potion Used to Transform Appearance Polyjuice
78%
Harry Potter's Biggest Fan Colin Creevey
75%
A Substance used to Travel Between Fireplaces Floo Powder
74%
Squib Who Lives Next Door Arabella Figg
73%
Professor Snape's Patronus Animal Doe
73%
Harry Potter
73%
Part of the Library which is Off Limits Without Special Permission Restricted Section
73%
The Painting to Enter to Gryffindor Common Room The Fat Lady
73%
Dean Thomas
72%
Malfoy's Dance Partner at the Yule Ball Pansy Parkinson
68%
Plant Used to Revive those who were Petrified Mandrakes
66%
The Dodgy Black Market Next to Diagon Alley Knockturn Alley
63%
Present to Neville from his Grandmother Remembrall
63%
Plant which Strangled Bode Devils Snare
62%
Mr Dursley has a Job Selling ______ Drills
59%
The Shop from which Malfoy buys his 'Hand of Glory' Borgin and Burkes
57%
A Basin Used to Store Memories Pensieve
57%
Full Body Bind Curse Petrificus Totalus
56%
Stone Which is an Antidote to Most Poisons Bezoar
54%
Three Broomsticks Good Looking Landlady Madam Rosmerta
54%
Object Harry gives to Kreacher which Wins his Loyalty Locket
52%
Ginny's Boyfriends: Michael Corner
46%
Was a Beater for the Wimbourne Wasps Ludo Bagman
35%
The Name of the Creatures Hagrid Cross-Bred Illegally Blast Ended Skrewt
31%
Sweet which turns the Consumer Temporarily into a Bird Canary Cream
24%
Dark Detector that looks like a Glass Spinning Top Sneakoscope
22%
"Dudley had roughly reached the size and weight of a young ______ _____" Killer Whale
19%
No matching quizzes found
Score Distribution
Percent of People with Each Score
Percentile by Number Answered
Your Score History
You have not taken this quiz since the last reset